|
|
|
|
| LEADER |
00000nab a2200000 a 4500 |
| 001 |
vtls000071092 |
| 003 |
SK-MaSNL |
| 005 |
20260303025318.0 |
| 008 |
111103c1980 xo 0 slo |
| 015 |
|
|
|a SNBRB19rr/mm-uuuuu
|
| 035 |
|
|
|a CL0081193
|
| 040 |
|
|
|a SNKBUCL
|b slo
|c SNKBUCL
|e AACR2
|
| 041 |
0 |
|
|a slo
|
| 044 |
|
|
|a xo
|c SK
|
| 080 |
|
|
|a 730
|2 1981
|
| 080 |
|
|
|a 92 Rodin, August
|2 1981
|
| 100 |
1 |
|
|a Rusinová-Hanáková, Zora
|4 aut
|9 1009624
|
| 245 |
1 |
0 |
|a Oslávil krásu ľudského tela
|b K 140. výročiu narodenia sochára Augusta Rodina
|c Zora Rusinová-Hanáková
|
| 300 |
|
|
|b Obr. 3.
|
| 600 |
1 |
7 |
|a Rodin, Auguste,
|d 1840-1917
|2 snkbucl
|9 209022
|
| 655 |
|
7 |
|a články z novín a časopisov
|2 snkbucl
|9 267496
|
| 773 |
0 |
|
|t Príroda a spoločnosť
|g Roč. 29, č. 23 (1980), s. 42-43
|
| 850 |
|
|
|a Slovenská národná knižnica v Martine
|a MTA001
|
| 852 |
|
|
|a SNK
|b KIS3GCP
|
| 958 |
|
|
|a RK
|
| 992 |
|
|
|a RBX
|
| 999 |
|
|
|c 1645621
|d 1647551
|